• 首页
  • 本馆介绍
  • 公告通知
  • 最新文献
  • 馆藏检索
  • 电子资源
  • 读者导购
  • 参考咨询
  • 我的图书馆
  • 登录
  • 期刊详细显示
  • 现刊情况显示
  • 合订本情况显示
  • 篇目信息显示

期刊信息

  • 表格格式
  • 工作单格式
  • 卡片格式
索取号 
I21/DJ
题名 
大家
作者 
大家杂志社
分册号 
分册名 
出版地 
昆明
出版者 
该杂志社d1994~
标准刊号 
1005-4553
出版频率 
双月刊
中图法分类 
I2
主题词 
文学 作品集 中国
电子资源 
000 01115nas0 2200349 45
001 1196080416
005 20070322165334.18
011    @a1005-4553@dCNY14.90(1996)
091    @aCN@b53-1108
092    @aCN@b64-61@c1286BM
100    @a19961206a19949999me y0chiy0120 eb
101 0  @achi@eeng
102    @aCN@b530000
110    @aagaz 0yy0
200 1  @a大家@ADa Jia@e大型文学双月刊@EDa Xing Wen Xue Shuang Yue Kan@dMaster@f大家杂志社@FDa Jia Za Zhi She@zeng
207  0 @a1994,no.1(1994)~=[总1]~
210    @a昆明@b云南省昆明市书林街100号(邮码650011)@c该杂志社d1994~
215    @d28cm
300    @a并列题名曾为:Great master
326    @a双月刊
327 0  @a中篇小说@a短篇小说@a长篇小说@a散文@a诗歌@a大家手记@a大家对话@a未名园
510 1  @aMaster@zeng
606 0  @a文学@x作品集@x中国
610 0  @a文学
676    @a895.1@v19
690    @aI2@v3
690    @aI21@v4
701  0 @a李巍@ALi Wei@4主编
701  0 @a大家杂志社@ADa Jia Za Zhi She
711 02 @a云南人民出版社@AYun Nan Ren Min Chu Ban She@4主办
801  0 @aCN@bPFT@c20070322@gISBD(S)
905    @a1@cQ@dI21@eDJ@v总1~@y1994~
    
    大家:大型文学双月刊=Master/大家杂志社.-1994,no.1(1994)~=[总1]~.-昆明(云南省昆明市书林街100号(邮码650011)):该杂志社d1994~
    28cm
    并列题名曾为:Great master
    部分内容:中篇小说;短篇小说;长篇小说;散文;诗歌;大家手记;大家对话;未名园
    ISSN 1005-4553:CNY14.90(1996)
    
●
相关链接: 在易读查询期刊 在中国知网中查询期刊 在万方数据查询期刊 在维普查询期刊
唐山师范学院图书馆 欢迎您!
大连网信软件有限公司© 版权所有